00296nam a2200097Ia 4500008004100000020001800041082001900059100002900078245008300107300000800190210430s9999 xx 000 0 und d a0-19-577570-8 a954.9105 A696W aGen. Khalid Mahmud Arif  aWorking with Zia Pakistan's Power Politics 1977-1988cGen. Khalid Mahmud Arif  a435